Základné východiská pre manažment školy

Hlavné úlohy manažmentu ako procesu s dôrazom na jeho využitie v školstve. Globalizácia, súvisiace zmeny a predpoklad ich odrazu v školstve, na potrebu vnímať ich, skúmať externé aj interné prostredie školy a rozvíjať potenciál všetkých pracovníkov, aby boli školy pripravené na zmeny a konkurenciu a...

Descrizione completa

Salvato in:
Dettagli Bibliografici
Autore principale: Záležáková, Eliška
Natura: Capitolo di libro
Lingua:slovacco
Soggetti:
Tags: Aggiungi Tag
Nessun Tag, puoi essere il primo ad aggiungerne!!

MARC

LEADER 00000naa$a2200000$$$4500
001 0092147
005 20240502072028.9
041 0 |a slo 
044 |a SK 
245 1 0 |a Základné východiská pre manažment školy  |c Eliška Záležáková 
520 |a Hlavné úlohy manažmentu ako procesu s dôrazom na jeho využitie v školstve. Globalizácia, súvisiace zmeny a predpoklad ich odrazu v školstve, na potrebu vnímať ich, skúmať externé aj interné prostredie školy a rozvíjať potenciál všetkých pracovníkov, aby boli školy pripravené na zmeny a konkurenciu a prispôsobili sa im. 
610 2 0 |a manažment 
610 2 0 |a školy 
610 2 0 |a zariadenia školské 
610 2 0 |a výchova 
610 2 0 |a vzdelávanie 
100 1 |a Záležáková, Eliška